| 000 | 00598nam a2200193 4500 | ||
|---|---|---|---|
| 003 | OSt | ||
| 005 | 20260130060331.0 | ||
| 008 | 260130b |||||||| |||| 00| 0 eng d | ||
| 020 | _a974-8279-44-8. | ||
| 040 |
_aDWC-Main Lib. _cOC |
||
| 082 | _aCirc. 617.9 W423 1999 | ||
| 100 | _aWeinzweig, Jeffrey | ||
| 245 |
_aPlastic surgery secrets/ _cJeffrey Weinzweig |
||
| 260 |
_aPa. : _bHanley & Belfus, _c c1999. |
||
| 300 |
_axxiv, 645 p. : _b illustration ; _c23 cm. |
||
| 504 | _aIncludes index. | ||
| 650 | _aPlastic surgery-Examinations, questions, etc. | ||
| 942 |
_2ddc _cBK-CIRC _hCirc. _n0 |
||
| 999 |
_c8034 _d8034 |
||